Obras escogidas

Guardat en:
Dades bibliogràfiques
Autor principal: Turgueniev, Ivan Serguéevich (Autor)
Format: Llibre
Idioma:espanyol
Publicat: Madrid Aguilar 1951
Matèries:
Etiquetes: Afegir etiqueta
Sense etiquetes, Sigues el primer a etiquetar aquest registre!

MARC

LEADER 00000cam a2200000 a 4500
001 UCF4836
003 CL-VaPUC
008 130103e19510000SP |||||||||||||||||spa|d
082 0 4 |a 891.703  |b TUR  |2 21 
100 0 |a Turgueniev, Ivan Serguéevich  |e author  |9 566486 
245 1 0 |a Obras escogidas 
300 |a 1372 p 
942 |c BK 
945 |d 20130103 00:00:00  |a dcastane 
260 |a Madrid  |b Aguilar  |c 1951 
650 0 |a Novelas rusas   |9 316330 
650 0 |a Literatura rusa  |9 318370 
583 |a last modification  |c 20140123 04:41:28  |k Rodrigo Vera 
999 |c 350526  |d 350524 
952 |0 0  |1 0  |4 0  |6 891_703000000000000_TUR_1951  |7 0  |8 P  |9 453950  |a BIBEDU  |b BIBEDU  |d 2019-11-22  |i 4936477  |o 891.703 TUR 1951  |p 4936477  |r 2019-11-22  |w 2019-11-22  |y BK  |k LIT